000 00463nam a2200193Ia 4500
005 20240823053120.0
008 240823s9999||||xx |||||||||||||| ||und||
020 _a978-81-317-0870-5
041 _aENGLISH
082 _A511 P7
100 _aBernard M Moret
245 4 _aThe Theory of Computation
250 _a1st
260 _c2007
_bPearson Education Internat
500 _aYES
650 _aComputation
_bMathematics
942 _cBK
999 _c223432
_d223432